000 00541cam a2200193 4500500
005 20260405001505.0
041 _afre
042 _adc
100 1 0 _aNathan, Tobie
_eauthor
245 0 0 _aŒuvres
260 _c2013.
500 _a50
690 _aCulture
690 _aÉrudition
690 _aGeorge Steiner
690 _aHumanisme
786 0 _nPhilosophie magazine | 69 | 5 | 2013-05-01 | p. 59-59 | 1951-1787
856 4 1 _uhttps://shs.cairn.info/magazine-philosophie-magazine-2013-5-page-59?lang=fr&redirect-ssocas=7080
999 _c2048229
_d2048230